000
00220 a2200097 4500
001
15053
100
_a
Dunsheath J & others
245
_a
Mountains and memsalibs
260
_a
London
_b
constable
_c
090
_c
11808
_d
11808
942
_a
NUST-CAE
_c
M
_c
2012
999
_c
250126
_d
250126